000 01481nam a22002777a 4500
999 _c21725
_d21725
003 AR-CdUCM
008 190425b ||||| |||| 00| 0 spa d
040 _aMUNICIPALIDAD PROVINCIAL DEL CUSCO
_cBIBLIOTECA MUNICIPAL DEL CUSCO
082 _aRev.Univ/N°68/1935
_bRev.Univ/N°68/1935
110 _aUniversidad Nacional de San Antonio Abad del Cusco
_915942
245 _aRevista Universitaria :
_bÓrgano de la Universidad del Cuzco fundada en 1692 /
260 _aCusco :
_bH. G. Rozas,
_c1935.
300 _a214 páginas. :
_c20 cm.
440 _aRevista Universitaria
_nAño XXVI, 1° semestre 1935, N°68
_945876
505 _aContenido: Clorinda Matto de Turner. Juan Cruz Ocampo. -- La coordinación biológica a través de una sola forma biotípica el árbol. Antero Bueno. -- La mecánica ondulatoria. Oswaldo Baca. -- Las ruinas de Tampumachay. Luis A. Paro. -- Determinación de la paternidad. Cesar Vargas C. -- Hugo de Vries redescubridor de las leyes de Mendel y autor de la teoría Mutacionista. Cesar Vargas C. -- La confederación Perú boliviana. Jorge Cornejo Bouroncle.
650 _aClorinda Matto de Turner
_929945
650 _aMecánica ondulatoria
_945877
650 _aTampumachay
_945878
650 _aLeyes de Mendel
_945879
650 _aTeoría Mutacionista
_945880
650 _aConfederación Perú boliviana
_929846
710 _aUniversidad Nacional de San Antonio Abad del Cusco
_915942
942 _2ddc
_cPP
945 _arac